00644 a2200193 450000500170000000800410001702000150005802000150007304000510008804100080013910000200014724500750016726000640024230000220030650400530032865000240038165000200040565000250042520140903175042.0140327s2000 xxua fr|||| 001 0 eng d a1577180003 a1577180011 aCO-BoUCMbspacJose A. GerenadDiana Londoño aeng1 aSoja, Edward W.10aPostmetropolisbcritical studies of cities and regionscEdward W. Soja c2000bBlackwellaLos Ángeles (California, Estados Unidos) axx, 440 páginas aIncluye referencias bibliográficas e índices 7aCiudades y pueblos  7aPostmodernismo  7aSociología urbana